000 00260 a2200109 4500
001 63386
082 _a005.369 COW
090 _c37437
_d37437
100 _aCowart, R
245 _aMastering Windows 95
_hEnglish
260 _aNew Delhi
_bBPB Publication India
942 _aCAE NUST
_k005.369 COW
999 _c298459
_d298459